000 00547nam a2200193Ia 4500
005 20250508160748.0
008 008 250505s9999 xx 000 0 eng d
037 _aTextual
040 _aFEDL
_beng
_cFEDL
041 _aeng
_2eng
084 _a370, CAR
_qFEDL
100 _aCarter M. P.
_9134514
245 0 _aEducation employment and leisure : A study of "ordinary" young people
260 _aOxford
_bPergamon Press
_c1963
300 _a170p.
650 _aEducation
942 _cTEXL
_h370, CAR
999 _c1366478
_d1366478